[Event "Ä15Â"]
[Site "Loo"]
[Date "2017.04.25"]
[Round "6.17"]
[White "Êîíîâà, Ïîëèíà."]
[Black "Ìèõàéëîâà, Þëèÿ."]
[Result "0-1"]
[WhiteElo "1592"]
[BlackElo "1733"]
[PlyCount "64"]
[EventDate "2017.04.20"]

1. e4 c5 2. c3 d5 3. exd5 Qxd5 4. d4 e6 5. Nf3 Nf6 6. Na3 Nc6 7. Nb5 Qd8 8.
dxc5 Bxc5 9. Qxd8+ Kxd8 10. Bf4 Ne4 11. O-O-O+ Bd7 12. Ng5 Nxg5 13. Bxg5+ f6
14. Bh4 a6 15. Nd6 Kc7 16. Nxb7 Be7 17. Bg3+ e5 18. b4 Be6 19. Na5 Nxa5 20.
bxa5 Bxa2 21. Kb2 Be6 22. f4 Rhb8+ 23. Ka1 Ba3 24. Rd2 Bc1 25. Rc2 Bxf4 26.
Bxf4 exf4 27. c4 Rb3 28. Ka2 Rab8 29. Be2 Bf5 30. Rcc1 Rb2+ 31. Ka1 Rxe2 32.
Rhe1 Rbb2 0-1

[Event "Ä15Â"]
[Site "Loo"]
[Date "2017.04.25"]
[Round "6.18"]
[White "Àðòþõîâà, Åëèçàâåòà."]
[Black "Ãóòêîâè÷, Ïîëèíà."]
[Result "0-1"]
[WhiteElo "1688"]
[BlackElo "1952"]
[PlyCount "88"]
[EventDate "2017.04.20"]

1. c4 c5 2. g3 Nc6 3. Bg2 g6 4. Nc3 Bg7 5. Nf3 e5 6. d3 Nge7 7. Ne4 d6 8. Bg5
h6 9. Bf6 O-O 10. Bxg7 Kxg7 11. Qd2 Be6 12. b3 Qd7 13. h4 f5 14. Nc3 Nd4 15. e3
Nxf3+ 16. Bxf3 d5 17. Rd1 Rad8 18. Qe2 Qc7 19. Nb5 Qb8 20. Bg2 Rf6 21. O-O g5
22. Kh1 Rdf8 23. Qc2 f4 24. cxd5 Nxd5 25. e4 Nb6 26. Rfe1 f3 27. Bf1 gxh4 28.
gxh4 Qe8 29. Nc7 Qh5 30. Nxe6+ Rxe6 31. Bh3 Qxh4 32. Rg1+ Kh7 33. Kh2 Rf4 34.
Qc4 Nd7 35. Qc2 Rc6 36. Qd2 Nf6 37. Rg3 Ng4+ 38. Kg1 Rg6 39. Qa5 Qe7 40. Bxg4
Rfxg4 41. Rxg4 Rxg4+ 42. Kf1 b6 43. Qb5 Rh4 44. Ke1 Qg5 0-1

[Event "Ä15Â"]
[Site "Loo"]
[Date "2017.04.25"]
[Round "6.19"]
[White "Ñâåòëîâà, Êñåíèÿ."]
[Black "Êàðåëèíà, Âèêòîðèÿ."]
[Result "1/2-1/2"]
[WhiteElo "1676"]
[BlackElo "1826"]
[PlyCount "91"]
[EventDate "2017.04.20"]

1. d4 Nf6 2. Nc3 d5 3. Bg5 c5 4. Bxf6 gxf6 5. e3 c4 6. Qf3 e6 7. e4 Bb4 8. Nge2
Na6 9. O-O-O Nc7 10. g4 Rg8 11. Bg2 f5 12. exf5 Qg5+ 13. Qe3 Qxe3+ 14. fxe3
Rxg4 15. Bf3 Rg5 16. e4 Bd7 17. h4 Rg8 18. fxe6 Bxe6 19. Nxd5 Nxd5 20. exd5 Bf5
21. Rhg1 O-O-O 22. Ng3 Bg4 23. Bxg4+ Rxg4 24. c3 Bf8 25. Nf5 Rxg1 26. Rxg1 Rxd5
27. Rf1 Rd7 28. Kc2 Kc7 29. b3 cxb3+ 30. axb3 b5 31. c4 bxc4 32. bxc4 Kc6 33.
Kc3 a5 34. c5 Kd5 35. Re1 f6 36. Ne3+ Ke4 37. Nc4+ Kf4 38. Nxa5 Rc7 39. Nc4
Bxc5 40. dxc5 Rxc5 41. Kd4 Rc7 42. Ne3 Kg3 43. Nd5 Rc2 44. Rg1+ Kxh4 45. Nxf6
Kh3 46. Nxh7 1/2-1/2

[Event "Ä15Â"]
[Site "Loo"]
[Date "2017.04.25"]
[Round "6.20"]
[White "Àëèâåðäèåâà, Ýëèíà."]
[Black "Ðûáàêîâà, Àíàñòàñèÿ."]
[Result "1-0"]
[WhiteElo "1674"]
[BlackElo "1812"]
[PlyCount "117"]
[EventDate "2017.04.20"]

1. e4 c5 2. Nf3 Nc6 3. d4 cxd4 4. Nxd4 Nf6 5. Nc3 e5 6. Ndb5 d6 7. Bg5 a6 8.
Na3 b5 9. Bxf6 gxf6 10. Nd5 f5 11. g3 Bg7 12. Bg2 O-O 13. exf5 Bb7 14. O-O Bf6
15. c3 Rc8 16. Nc2 Na5 17. Nce3 Bxd5 18. Nxd5 Nc4 19. Rb1 Kh8 20. Re1 Rc5 21.
Qh5 Nb6 22. Nxf6 Qxf6 23. Re4 Rc4 24. Rbe1 Rg8 25. Rxc4 Nxc4 26. b3 Nb6 27. h4
d5 28. Qe2 e4 29. Qd2 Rc8 30. Rc1 Kg8 31. Bh3 Rc6 32. Qf4 Qh6 33. Qxh6 Rxh6 34.
Kf1 Rc6 35. Ke2 Kf8 36. Kd2 Ke7 37. f3 exf3 38. Rf1 Nd7 39. Rxf3 Ne5 40. Re3
Kd6 41. g4 Rc8 42. g5 Rg8 43. Rg3 a5 44. a3 a4 45. Kc2 f6 46. Bf1 Kc5 47. b4+
Kc6 48. Re3 Kd6 49. Bxb5 fxg5 50. hxg5 Rxg5 51. Bxa4 Rg2+ 52. Kb3 Rg5 53. Rh3
h5 54. Be8 Rxf5 55. Rxh5 Rf3 56. Rh4 Rf8 57. Bb5 Nf3 58. Rh6+ Kc7 59. Rc6+ 1-0

[Event "Ä15Â"]
[Site "Loo"]
[Date "2017.04.25"]
[Round "6.21"]
[White "Öâåòêîâà, Âëàäèñëàâà."]
[Black "Åðîõîâà, Âèîëåòòà."]
[Result "1-0"]
[WhiteElo "1615"]
[BlackElo "1746"]
[PlyCount "69"]
[EventDate "2017.04.20"]

1. d4 g6 2. e4 Bg7 3. Nf3 d6 4. Be3 Nd7 5. c3 Ngf6 6. Bd3 O-O 7. h3 c5 8. O-O
Qc7 9. c4 cxd4 10. Nxd4 Ne5 11. Nc3 a6 12. Rc1 Bd7 13. f4 Nxd3 14. Qxd3 Rac8
15. b3 Rfe8 16. Nf3 Red8 17. Qb1 Qa5 18. e5 dxe5 19. fxe5 Bf5 20. Qb2 Nd7 21.
b4 Qc7 22. Nd5 Nxe5 23. Nxe5 Bxe5 24. Qf2 Qd7 25. Nb6 Qe6 26. Nxc8 Rxc8 27. c5
Bg7 28. Bd4 Bxd4 29. Qxd4 Qxa2 30. Rf2 Qa3 31. Rc3 Qa1+ 32. Kh2 Qb1 33. Re3 Be6
34. Rd3 Qe1 35. Rd1 1-0

[Event "Ä15Â"]
[Site "Loo"]
[Date "2017.04.25"]
[Round "6.22"]
[White "Ñû÷, Àëèíà."]
[Black "Åðøîâà, Ñîôüÿ."]
[Result "1/2-1/2"]
[WhiteElo "1478"]
[BlackElo "1727"]
[PlyCount "143"]
[EventDate "2017.04.20"]

1. e4 c5 2. Nf3 Nc6 3. d4 cxd4 4. Nxd4 g6 5. f3 Bg7 6. Be3 Qb6 7. Nf5 Qxb2 8.
Nxg7+ Qxg7 9. Nd2 Qc3 10. Bd3 Nb4 11. Ke2 Nf6 12. Nb3 Qc7 13. Nd4 a6 14. a3 Nc6
15. Nxc6 Qxc6 16. Bd4 d5 17. exd5 Qxd5 18. Be3 O-O 19. Kf2 e5 20. Re1 Re8 21.
Bg5 Qc6 22. Kg1 Nd5 23. Kh1 Nc3 24. Qd2 Na4 25. Be4 Qc4 26. Bd5 Qc7 27. f4 Bf5
28. Bb3 Nc5 29. fxe5 Ne4 30. Qe3 Nxg5 31. Qxg5 Rxe5 32. Qf6 Rae8 33. Rxe5 Rxe5
34. Bxf7+ Qxf7 35. Qxe5 Bxc2 36. Qb8+ Kg7 37. Rc1 Ba4 38. Rc7 Bd7 39. Rc1 Bc6
40. Qe5+ Qf6 41. Qe3 Qb2 42. Qc3+ Qxc3 43. Rxc3 Kf6 44. Kg1 Kf5 45. Kf2 Ke5 46.
Re3+ Kf6 47. Rh3 h5 48. Rg3 Be4 49. Re3 Bc6 50. g3 Kf7 51. Rc3 Ke6 52. Ke3 Ke5
53. Rc5+ Ke6 54. Kf4 Kf6 55. h3 Bg2 56. g4 Bxh3 57. gxh5 gxh5 58. Rxh5 Bg2 59.
Rh6+ Ke7 60. Ke5 Kd7 61. Rh7+ Kc6 62. Kd4 Kb5 63. Rg7 Bh1 64. Rh7 Bg2 65. Rg7
Bh1 66. Kc3 Bc6 67. Rg5+ Kb6 68. Kb4 Be4 69. a4 Bc6 70. a5+ Ka7 71. Kc5 Bf3 72.
Rg3 1/2-1/2

[Event "Ä15Â"]
[Site "Loo"]
[Date "2017.04.25"]
[Round "6.23"]
[White "Ýôåíäèåâà, Àëèíà."]
[Black "Òóðêî, Àíàñòàñèÿ."]
[Result "1/2-1/2"]
[WhiteElo "1661"]
[BlackElo "1719"]
[PlyCount "38"]
[EventDate "2017.04.20"]

1. e4 Nf6 2. e5 Nd5 3. d4 d6 4. c4 Nb6 5. f4 dxe5 6. fxe5 Bf5 7. a3 e6 8. Nc3
c5 9. d5 N8d7 10. Nf3 f6 11. Bf4 fxe5 12. Nxe5 Be7 13. Be2 O-O 14. O-O Nf6 15.
dxe6 Bxe6 16. Nb5 a6 17. Qxd8 Raxd8 18. Nc7 Bc8 19. Nf3 Ng4 {
äàëåå çàïèñü íåðàçáîð~~èâà} 1/2-1/2

[Event "Ä15Â"]
[Site "Loo"]
[Date "2017.04.25"]
[Round "6.24"]
[White "Òåðåøå÷êèíà, Òàèñèÿ."]
[Black "Ùåäðîâà, Òàòüÿíà."]
[Result "1/2-1/2"]
[WhiteElo "1711"]
[BlackElo "1547"]
[PlyCount "88"]
[EventDate "2017.04.20"]

1. d4 d5 2. g3 Nf6 3. Bg2 Bf5 4. Nf3 e6 5. O-O Be7 6. Nh4 Bg6 7. Nxg6 hxg6 8.
c4 c6 9. Nc3 O-O 10. Qd3 Nbd7 11. e4 dxc4 12. Qxc4 Nb6 13. Qd3 Qd7 14. Rd1 Rfd8
15. Bg5 Rac8 16. Bh3 Nh7 17. Be3 Bf6 18. Qe2 Qe8 19. a4 Nf8 20. Rd2 Ra8 21. a5
Nbd7 22. Rad1 a6 23. Na4 Be7 24. Qc4 Rac8 25. Qb3 Rb8 26. d5 cxd5 27. exd5 exd5
28. Bf4 Ra8 29. Bc7 Rdc8 30. Qxb7 Ne6 31. Bxe6 fxe6 32. Bf4 Nc5 33. Nxc5 Bxc5
34. Qb3 Qd7 35. Be5 Bd6 36. Qe3 Bb4 37. Bc3 Bxc3 38. bxc3 Qc6 39. Re2 Re8 40.
Qd4 Rac8 41. Rde1 Rc7 42. Re3 Rce7 43. Qd3 Kh7 44. Qd4 Kg8 1/2-1/2

[Event "Ä15Â"]
[Site "Loo"]
[Date "2017.04.25"]
[Round "6.25"]
[White "Àëôåðîâà, Ïîëèíà."]
[Black "Êðèêóíîâà, Îëåñÿ."]
[Result "1-0"]
[WhiteElo "1712"]
[BlackElo "1847"]
[PlyCount "107"]
[EventDate "2017.04.20"]

1. e4 d5 2. exd5 Qxd5 3. Nf3 Qd6 4. Bc4 Nf6 5. h3 a6 6. Nc3 g6 7. O-O Bg7 8.
Re1 O-O 9. d3 b5 10. Bb3 Bb7 11. Qe2 e6 12. Ng5 Re8 13. Nge4 Qe7 14. Nxf6+ Bxf6
15. Ne4 Nd7 16. Nxf6+ Qxf6 17. c3 Nb6 18. Qg4 Qf5 19. Qxf5 gxf5 20. Bg5 Kg7 21.
c4 f6 22. Be3 Nd7 23. Rac1 Rac8 24. Red1 c5 25. d4 cxd4 26. Bxd4 bxc4 27. Bxc4
Nf8 28. Bb3 Kf7 29. Bc5 Rc7 30. Bb4 Rcc8 31. Rxc8 Bxc8 32. Ba4 Ng6 33. Bxe8+
Kxe8 34. Ba5 Bd7 35. Rd6 Bb5 36. Rxe6+ Kf7 37. Rd6 Ne5 38. b3 Ke7 39. Bb4 Kf7
40. Bc3 Ke7 41. Rb6 Nd7 42. Bb4+ Kf7 43. Rb7 Ke6 44. Rc7 h5 45. f3 Kd5 46. Rc1
Ne5 47. Rd1+ Ke6 48. Bc3 Ng6 49. a4 Bc6 50. Kf2 Ne7 51. Re1+ Kf7 52. Rc1 Bd5
53. b4 Bb3 54. b5 1-0

[Event "Ä15Â"]
[Site "Loo"]
[Date "2017.04.25"]
[Round "6.26"]
[White "Óñà÷åâà, Ãëàôèðà."]
[Black "Áàèøåâà, Íüóðãóéààíà."]
[Result "0-1"]
[WhiteElo "1705"]
[BlackElo "1728"]
[PlyCount "60"]
[EventDate "2017.04.20"]

1. e4 c5 2. Nf3 d6 3. d4 cxd4 4. Nxd4 Nf6 5. Nc3 a6 6. Be3 e6 7. f3 b5 8. a3
Bb7 9. Qd2 Nbd7 10. O-O-O Nb6 11. Kb1 Be7 12. Rg1 Nfd7 13. Nb3 Rc8 14. Na5 Ba8
15. g4 O-O 16. g5 Ne5 17. Qf2 Nbc4 18. Nxc4 Nxc4 19. Bxc4 bxc4 20. h4 Rb8 21.
Ka2 Qa5 22. Rb1 d5 23. exd5 exd5 24. Bd4 Rb7 25. Qe1 Rfb8 26. Nxd5 Qa4 27. Qe5
Bf8 28. Ne3 Re8 29. Qf4 c3 30. Be5 Rxb2+ 0-1

[Event "Ä15Â"]
[Site "Loo"]
[Date "2017.04.25"]
[Round "6.27"]
[White "Çåëåíñêàÿ, Àíàñòàñèÿ."]
[Black "Ñóðêîâà, Ñîôüÿ."]
[Result "0-1"]
[WhiteElo "1738"]
[BlackElo "1618"]
[PlyCount "138"]
[EventDate "2017.04.20"]

1. e4 c5 2. Nf3 d6 3. c4 Nf6 4. Nc3 Bg4 5. Be2 Nc6 6. O-O e6 7. b3 Be7 8. Bb2
O-O 9. a3 d5 10. cxd5 exd5 11. e5 Ne8 12. d4 Bxf3 13. Bxf3 cxd4 14. Nxd5 Nxe5
15. Nxe7+ Qxe7 16. Re1 Nxf3+ 17. Qxf3 Qc7 18. Bxd4 f6 19. Rac1 Qd7 20. Bc5 Rf7
21. Rcd1 Qb5 22. Qd5 Qc6 23. Qc4 b5 24. Qc3 h6 25. h4 a6 26. b4 Kh8 27. Qb3 Rd7
28. Rxd7 Qxd7 29. Re7 Qg4 30. Qf7 Qd1+ 31. Kh2 Qd8 32. Rd7 Qb8+ 33. g3 Qe5 34.
Bf8 f5 35. Re7 Qf6 36. Bxg7+ Qxg7 37. Rxe8+ Rxe8 38. Qxe8+ Kh7 39. Qe6 Qg6 40.
Qxg6+ Kxg6 41. Kg2 Kf6 42. Kf3 Ke5 43. Ke3 h5 44. f4+ Ke6 45. Ke2 Kd6 46. Kd2
Ke6 47. Kc2 Kd6 48. Kc3 Kc7 49. Kc2 Kc6 50. Kd2 Kd6 51. Kc2 Kc6 52. Kd2 Kd6 53.
Ke3 Ke7 54. Kd3 Kd7 55. Kd4 Kd6 56. Ke3 Ke7 57. Kd3 Kd7 58. a4 bxa4 59. Kc3 Kc7
60. Kc2 Kc6 61. Kb2 Kb6 62. Ka2 Kb5 63. Ka3 a5 64. bxa5 Kxa5 65. g4 fxg4 66. f5
g3 67. f6 g2 68. f7 g1=Q 69. f8=Q Qa1# 0-1

[Event "Ä15Â"]
[Site "Loo"]
[Date "2017.04.25"]
[Round "6.28"]
[White "Áàíäóðèíà, Ñîôèÿ."]
[Black "Àáäóëêåðèìîâà, Ìàäèíà."]
[Result "1-0"]
[WhiteElo "1717"]
[BlackElo "1400"]
[PlyCount "121"]
[EventDate "2017.04.20"]

1. e4 e6 2. d3 d5 3. Nd2 c5 4. Ngf3 Bd7 5. g3 Bc6 6. Bg2 Nd7 7. O-O Bd6 8. Re1
Ne7 9. Nf1 O-O 10. h4 h6 11. exd5 exd5 12. d4 Nf5 13. Ne3 Qf6 14. dxc5 Bxc5 15.
Nxd5 Bxd5 16. Qxd5 Rad8 17. Bf4 Nxh4 18. Nxh4 g5 19. Qf5 gxf4 20. Qg4+ Qg5 21.
Qxf4 Qxf4 22. gxf4 b6 23. Nf5 Kh7 24. Ne3 Nf6 25. Rad1 Rfe8 26. Rxd8 Rxd8 27.
Rd1 Re8 28. Rd3 Rc8 29. c3 Kg6 30. Bf3 h5 31. Kg2 Rg8 32. Kh3 Re8 33. Kg3 Ng8
34. b4 Be7 35. Nd5 Bd6 36. Ne3 Be7 37. a3 Rc8 38. c4 a5 39. bxa5 bxa5 40. Rd5
Rc5 41. Bxh5+ Kf6 42. Ng4+ Kg7 43. Rxc5 Bxc5 44. a4 Ne7 45. Ne5 Nf5+ 46. Kf3
Nd6 47. Nd7 Nb7 48. Ke4 Bxf2 49. Kd5 Bg3 50. f5 Nd6 51. f6+ Kh6 52. Be2 Kg5 53.
c5 Nb7 54. Kc6 Nd8+ 55. Kb6 Kf5 56. Bc4 Ne6 57. Bxe6+ Kxe6 58. c6 Bf4 59. Kb7
Bd6 60. c7 Bxc7 61. Kxc7 1-0

[Event "Ä15Â"]
[Site "Loo"]
[Date "2017.04.25"]
[Round "6.29"]
[White "Ãàðàôóòäèíîâà, Äèàíà."]
[Black "Ãðóáîâà, Ñîôèÿ."]
[Result "1-0"]
[WhiteElo "1654"]
[BlackElo "1650"]
[PlyCount "155"]
[EventDate "2017.04.20"]

1. e4 c5 2. Nf3 Nc6 3. d4 cxd4 4. Nxd4 Nf6 5. Nc3 d6 6. Be2 e5 7. Nb3 Be7 8.
O-O O-O 9. Bg5 Be6 10. Bf3 Rc8 11. Nb5 Ne8 12. Be3 a6 13. Nc3 Nf6 14. Na4 Nd7
15. Qd2 Kh8 16. Rfd1 f5 17. exf5 Bxf5 18. Nc3 Nf6 19. Bg5 Nb4 20. Rac1 Qd7 21.
a3 e4 22. Be2 Nc6 23. Bxf6 gxf6 24. Nd5 Rcd8 25. Qf4 Be6 26. Nxe7 Qxe7 27. Qxe4
Rg8 28. Bf3 Rg7 29. Nd4 Nxd4 30. Qxd4 d5 31. Re1 Qf7 32. c4 Rgg8 33. cxd5 Bxd5
34. Bxd5 Rxd5 35. Qf4 Rdg5 36. g3 R5g7 37. Re3 Rd8 38. Rec3 b5 39. Rc6 Rg6 40.
Rxa6 Kg7 41. Rac6 Rf8 42. Rc8 Qe6 43. Rxf8 Kxf8 44. Qb8+ Kg7 45. Qxb5 Rg5 46.
Qb4 Qd7 47. Qf4 Kg6 48. Qe4+ Kg7 49. Qc6 Qf5 50. Qc7+ Kh6 51. b4 Qf3 52. Qc3
Qf5 53. h4 Rg7 54. Qd2+ Kg6 55. Qc2 Ra7 56. Qxf5+ Kxf5 57. Ra1 Rb7 58. Kg2 Ke4
59. Re1+ Kd5 60. Kf3 Kc4 61. Kf4 Kb3 62. Re3+ Kc4 63. Kf5 Rf7 64. Ke6 Rf8 65.
Ke7 Rb8 66. Kf7 f5 67. f4 Rb6 68. Re6 Rb7+ 69. Re7 Rb6 70. Ra7 Kb5 71. Ra5+ Kc4
72. Rxf5 Ra6 73. Ra5 Rg6 74. Rg5 Ra6 75. Kg7 Ra7+ 76. Kh6 Rxa3 77. Kxh7 Kxb4
78. h5 1-0

[Event "Ä15Â"]
[Site "Loo"]
[Date "2017.04.25"]
[Round "6.30"]
[White "Êîêàåâà, Àíàñòàñèÿ."]
[Black "Ñòàðîñòèíà, Àëåêñàíäðà."]
[Result "0-1"]
[WhiteElo "1424"]
[BlackElo "1603"]
[PlyCount "86"]
[EventDate "2017.04.20"]

1. d4 d5 2. c4 e6 3. Nc3 Nf6 4. Bg5 c6 5. cxd5 exd5 6. Qc2 Be7 7. e3 Nbd7 8.
Bd3 O-O 9. Nge2 Re8 10. O-O Nf8 11. Bxf6 Bxf6 12. b4 Qd6 13. Rab1 b6 14. a4 Bd7
15. Rfc1 Rab8 16. Nf4 Bg5 17. Nfe2 Bg4 18. Na2 Rbc8 19. Ba6 Rc7 20. Nac3 Rce7
21. b5 c5 22. dxc5 bxc5 23. Rd1 d4 24. b6 Qe5 25. exd4 cxd4 26. Rxd4 Bf5 27.
Bd3 Qxd4 28. Bxf5 axb6 29. h3 Qd2 30. Qxd2 Bxd2 31. Kf1 g6 32. Bg4 h5 33. Bf3
Re5 34. Rxb6 Bxc3 35. g4 Ba5 36. Rd6 hxg4 37. hxg4 Rd8 38. Ra6 Rd1+ 39. Kg2 Ra1
40. Kg3 Rxa4 41. Nc3 Rd4 42. Ne4 Bc7 43. Rc6 Red5+ {äàëåå çàïèñü íåðàçáîð~~èâà}
0-1

[Event "Ä17Ï"]
[Site "Loo"]
[Date "2017.04.25"]
[Round "6.1"]
[White "Êðàïèâèíà, Ãàëèíà."]
[Black "Äàíèëîâà, Ðàäà."]
[Result "1-0"]
[WhiteElo "1744"]
[BlackElo "1828"]
[PlyCount "73"]
[EventDate "2017.04.20"]

1. e4 c5 2. d3 Nc6 3. g3 g6 4. Bg2 Bg7 5. f4 e6 6. Nf3 Nge7 7. O-O d6 8. c3 O-O
9. Be3 b6 10. Qc1 Ba6 11. Rd1 Rc8 12. Qd2 d5 13. Bf2 Qc7 14. e5 d4 15. c4 b5
16. cxb5 Bxb5 17. Na3 Rb8 18. Rac1 Qb6 19. Qc2 Qa6 20. Qxc5 Bxd3 21. Nxd4 Nxd4
22. Qxd4 Rfd8 23. Qxa7 Qxa7 24. Bxa7 Rxb2 25. Rc3 Rxg2+ 26. Kh1 Rxa2 27. Rcxd3
Nd5 28. Bg1 Bf8 29. Nb5 Rb8 30. Nc3 Nxc3 31. Rxc3 Rbb2 32. Rc8 Rc2 33. Re8 Kg7
34. g4 Bc5 35. g5 Ba3 36. Rdd8 f6 37. Rd7+ 1-0

[Event "Ä17Ï"]
[Site "Loo"]
[Date "2017.04.25"]
[Round "6.2"]
[White "Ïåòðîâà, Ìàðèÿ."]
[Black "Òàòàðèíîâà, Åëåíà."]
[Result "1/2-1/2"]
[WhiteElo "1835"]
[BlackElo "1840"]
[PlyCount "91"]
[EventDate "2017.04.20"]

1. e4 c5 2. Nf3 Nc6 3. d4 cxd4 4. Nxd4 g6 5. c4 Bg7 6. Be3 Nf6 7. Nc3 Ng4 8.
Qxg4 Nxd4 9. Qd1 Ne6 10. Rc1 b6 11. Bd3 Bb7 12. O-O Nc5 13. f3 Nxd3 14. Qxd3
O-O 15. Bd4 Bxd4+ 16. Qxd4 d6 17. Nd5 Bxd5 18. cxd5 Qd7 19. Rc3 Rfc8 20. Rfc1
Rc5 21. b4 Rxc3 22. Qxc3 a5 23. bxa5 Rxa5 24. Qc8+ Qxc8 25. Rxc8+ Kg7 26. Rc2
Kf8 27. Rb2 b5 28. Kf2 Ke8 29. Ke3 Kd7 30. Kd4 Ra4+ 31. Kc3 Rc4+ 32. Kd3 Rc5
33. Rb4 e6 34. dxe6+ fxe6 35. a4 bxa4 36. Rxa4 Rc7 37. f4 Rb7 38. Ra2 e5 39.
fxe5 dxe5 40. Kc4 Ke6 41. Rd2 Rb8 42. Kd3 Rb3+ 43. Ke2 h5 44. Rd3 Rxd3 45. Kxd3
h4 46. Kc4 1/2-1/2

[Event "Ä17Ï"]
[Site "Loo"]
[Date "2017.04.25"]
[Round "6.3"]
[White "Êîâàë¸âà, Åêàòåðèíà."]
[Black "Áàäìàåâà, Áàèíà."]
[Result "1-0"]
[WhiteElo "1974"]
[BlackElo "1585"]
[PlyCount "79"]
[EventDate "2017.04.20"]

1. e4 c5 2. d4 cxd4 3. c3 Nf6 4. e5 Nd5 5. Nf3 d6 6. cxd4 e6 7. Nc3 Nb6 8. Bd3
Nc6 9. O-O Be7 10. a3 O-O 11. Re1 Bd7 12. Bc2 dxe5 13. dxe5 Be8 14. Qe2 Nd4 15.
Nxd4 Qxd4 16. Qh5 f5 17. Qh3 Qg4 18. Qxg4 fxg4 19. Bb3 Bd7 20. Be3 Rf5 21. Red1
Bc8 22. Nb5 Kh8 23. Nc7 Rb8 24. Nxe6 Nd7 25. Bxa7 Ra8 26. Bd4 Nxe5 27. Nc7 Ra5
28. Bb6 Ra6 29. Nxa6 bxa6 30. Rac1 Bd7 31. Bc7 Bg5 32. Rc2 h5 33. Re2 Nd3 34.
Bc2 Rc5 35. Bd6 Nxb2 36. Bxc5 Nxd1 37. Bxd1 Bb5 38. Re5 Bf6 39. Rxh5+ Kg8 40.
Bb3+ 1-0

[Event "Ä17Ï"]
[Site "Loo"]
[Date "2017.04.25"]
[Round "6.4"]
[White "Áó÷èíà, Ïîëèíà."]
[Black "Àëåêñàíäðîâà, Åëèçàâåòà."]
[Result "1-0"]
[WhiteElo "1787"]
[BlackElo "1620"]
[PlyCount "115"]
[EventDate "2017.04.20"]

1. Nf3 Nf6 2. d4 g6 3. c3 Bg7 4. e3 d6 5. Bd3 O-O 6. O-O Nbd7 7. Nbd2 e5 8. Qc2
Nh5 9. e4 Nf4 10. Bc4 Nb6 11. b3 Bg4 12. h3 Bd7 13. Rd1 Qf6 14. dxe5 dxe5 15.
Bf1 Kh8 16. Ne1 Qh4 17. Ndf3 Qh5 18. Ba3 Rg8 19. h4 Bf6 20. Nd3 Bg4 21. Nxf4
exf4 22. Rd3 g5 23. hxg5 Bxg5 24. Nxg5 Rxg5 25. Qd2 f3 26. Be7 Rag8 27. Bf6+
R5g7 28. Rd8 h6 29. Rxg8+ Kxg8 30. Bxg7 Kxg7 31. Qf4 fxg2 32. Bxg2 c6 33. Qg3
Kh8 34. Qh2 Qg6 35. Qg3 Qe6 36. Bf3 Bxf3 37. Qxf3 Qg6+ 38. Qg2 Qh5 39. f3 Qc5+
40. Qf2 Qxc3 41. Rd1 Kh7 42. Kh1 Qf6 43. Qg3 Qg6 44. Qxg6+ Kxg6 45. Rd8 Kg5 46.
Rb8 Kf4 47. Kg2 Nd7 48. Rxb7 Ne5 49. Rxa7 h5 50. Re7 f6 51. Re6 Kg5 52. a4 Nd3
53. Rxc6 h4 54. a5 Nb4 55. Rc5+ Kf4 56. Rf5+ Ke3 57. Rxf6 Kd3 58. Kh3 1-0

[Event "Ä17Ï"]
[Site "Loo"]
[Date "2017.04.25"]
[Round "6.5"]
[White "Ðåâà, Ëþáîâü."]
[Black "Ñàì÷åíêî, Ñåðàôèìà."]
[Result "0-1"]
[WhiteElo "1604"]
[BlackElo "1734"]
[PlyCount "68"]
[EventDate "2017.04.20"]

1. d4 Nf6 2. Bf4 c5 3. e3 Qb6 4. b3 g6 5. Be5 Bg7 6. Nf3 d6 7. Bxf6 Bxf6 8. Be2
Nc6 9. c3 O-O 10. O-O e5 11. d5 Ne7 12. e4 Bg7 13. Nbd2 Qd8 14. Nc4 b5 15. Ne3
Bd7 16. c4 b4 17. Nd2 a5 18. a4 f5 19. h4 f4 20. Nc2 Kh8 21. Bg4 Ng8 22. h5
Bxg4 23. Qxg4 Nf6 24. Qg5 Bh6 25. Qh4 g5 26. Qh3 g4 27. Qd3 Nxh5 28. Ne1 Qh4
29. Rd1 Ra7 30. Nc2 Raf7 31. Ne1 Kg8 32. Nc2 f3 33. Ne1 Nf4 34. Qc2 Ne2# 0-1

[Event "Ä17Ï"]
[Site "Loo"]
[Date "2017.04.25"]
[Round "6.6"]
[White "Ïðîòàñîâà, Àíàñòàñèÿ."]
[Black "Ãîðåíêîâà, Àííà."]
[Result "1-0"]
[WhiteElo "1801"]
[BlackElo "1488"]
[PlyCount "79"]
[EventDate "2017.04.20"]

1. d4 d6 2. Nf3 g6 3. c4 Bg7 4. Nc3 Nd7 5. e4 e5 6. Be2 Ne7 7. O-O O-O 8. d5 a5
9. Be3 h6 10. Nd2 f5 11. f3 f4 12. Bf2 g5 13. Nb5 Ng6 14. a3 Nf6 15. c5 h5 16.
cxd6 cxd6 17. Nc4 Ne8 18. Rc1 Ra6 19. Nb6 Rxb6 20. Rxc8 Qxc8 21. Bxb6 Rf7 22.
Bxa5 g4 23. Qc1 Qd7 24. Na7 gxf3 25. Bxf3 h4 26. Qc8 Qa4 27. Bb6 Ne7 28. Qe6
Qb3 29. Bf2 Nf6 30. Nc8 Nxc8 31. Qxc8+ Kh7 32. Qe6 Rc7 33. Qxd6 Rc4 34. Qxe5 h3
35. Qf5+ Kg8 36. Qxh3 Nxe4 37. Qe6+ Kh8 38. Qe8+ Kh7 39. Bxe4+ Rxe4 40. Qxe4+
1-0

[Event "Ä17Ï"]
[Site "Loo"]
[Date "2017.04.25"]
[Round "6.7"]
[White "×àãèíà, Óëüÿíà."]
[Black "Ôîíÿê, Ìàðèíà."]
[Result "0-1"]
[WhiteElo "1433"]
[BlackElo "1780"]
[PlyCount "90"]
[EventDate "2017.04.20"]

1. d4 Nf6 2. Nf3 b5 3. Bg5 Bb7 4. Bxf6 gxf6 5. d5 e6 6. e4 a6 7. a4 b4 8. c4
Qe7 9. Be2 exd5 10. exd5 Bg7 11. Nh4 Qe5 12. Qc2 f5 13. Nxf5 O-O 14. Nd2 Qxb2
15. Qxb2 Bxb2 16. Rb1 Bc3 17. Kd1 Bxd2 18. Kxd2 a5 19. h4 Na6 20. Rh3 Nc5 21.
Bd1 Ne4+ 22. Ke1 Rae8 23. Rbb3 Nd6+ 24. Ne3 Nxc4 25. Bf3 Re5 26. Rg3+ Kh8 27.
Rg4 Nxe3 28. fxe3 Bxd5 29. Bxd5 Rxd5 30. Rc4 c5 31. g4 Re8 32. Ke2 Rde5 33. Rd3
Rd8 34. Kf3 d6 35. Kf4 f6 36. Kf3 Kg7 37. Kf4 Kg6 38. Kf3 Kf7 39. Kf4 Ke6 40.
Kf3 Rc8 41. e4 d5 42. exd5+ Rxd5 43. Rxd5 Kxd5 44. Rf4 c4 45. Rxf6 c3 0-1

[Event "Ä17Ï"]
[Site "Loo"]
[Date "2017.04.25"]
[Round "6.8"]
[White "Áåçâåðõàÿ, Ìàðèíà."]
[Black "Çàõàðîâà, Äèàíà."]
[Result "1/2-1/2"]
[WhiteElo "1758"]
[BlackElo "1720"]
[PlyCount "103"]
[EventDate "2017.04.20"]

1. e4 c5 2. c3 d5 3. exd5 Qxd5 4. d4 Nf6 5. Nf3 Bg4 6. Be2 e6 7. O-O Be7 8. Be3
cxd4 9. cxd4 O-O 10. Nc3 Qd8 11. h3 Bh5 12. Qb3 Qc7 13. d5 exd5 14. Nxd5 Nxd5
15. Qxd5 Bg6 16. Rac1 Nc6 17. Bb5 Rfd8 18. Qb3 Bf6 19. a3 Be4 20. Qa2 Qd7 21.
Nh2 Bd5 22. Qb1 Qe7 23. Bxc6 Bxc6 24. b4 Be4 25. Qb3 Bd5 26. Qc2 b6 27. Ng4 Bg5
28. Bxg5 Qxg5 29. Rfd1 h5 30. Ne3 Be6 31. Rxd8+ Rxd8 32. Kh2 Qe5+ 33. Kg1 Rc8
34. Qd2 Rxc1+ 35. Qxc1 g6 36. Nf1 Kg7 37. Ne3 Kh7 38. Nf1 Bd5 39. Ne3 Be4 40.
Qc4 Qe7 41. Qc1 Bb7 42. f3 Qe6 43. Qc3 Bc6 44. Kh2 Qd6+ 45. Kg1 Bb7 46. Kf2 Qe7
47. Qd4 Qe6 48. Qc4 Qe7 49. Qd4 Qe6 50. Qc4 Qe7 51. Qd4 Qe6 52. Qc4 1/2-1/2

[Event "Ä17Ï"]
[Site "Loo"]
[Date "2017.04.25"]
[Round "6.9"]
[White "Ìàðòûø, Äàðüÿ."]
[Black "Ñàáåòèàí, Ìîäæàâåðè Àëèíà."]
[Result "1-0"]
[WhiteElo "1661"]
[BlackElo "1563"]
[PlyCount "35"]
[EventDate "2017.04.20"]

1. e4 c6 2. c4 d5 3. exd5 cxd5 4. cxd5 Qxd5 5. Nc3 Qd8 6. Nf3 Nc6 7. d4 Nf6 8.
d5 Nb4 9. Qa4+ Bd7 10. Qxb4 Rb8 11. Ne5 e6 12. Qd4 Bc6 13. Bf4 Bxd5 14. Bb5+
Bc6 15. Nxc6 bxc6 16. Bxc6+ Nd7 17. Bxb8 a5 18. Rd1 1-0

[Event "Ä17Ï"]
[Site "Loo"]
[Date "2017.04.25"]
[Round "6.10"]
[White "Ìàëîçåìîâà, Äàðüÿ."]
[Black "Áåëÿêîâà, Èëîíà."]
[Result "0-1"]
[WhiteElo "1687"]
[BlackElo "1600"]
[PlyCount "84"]
[EventDate "2017.04.20"]

1. d4 d5 2. Bf4 Nf6 3. Nf3 g6 4. e3 Bg7 5. Nbd2 O-O 6. Be2 c5 7. c3 Nc6 8. h3
Nd7 9. h4 e5 10. dxe5 Ndxe5 11. h5 Nxf3+ 12. Nxf3 d4 13. hxg6 hxg6 14. Bh6 dxe3
15. Bxe3 Qe7 16. Qd5 Bf5 17. Bxc5 Rfd8 18. Qc4 Qe4 19. Qxe4 Bxe4 20. O-O Ne5
21. Ng5 Bc6 22. Rad1 Bf6 23. Nh3 b6 24. Be3 Kg7 25. f4 Nd7 26. Rd6 Re8 27. Rxc6
Rxe3 28. Bf3 Rae8 29. Rc7 Nc5 30. Rxa7 Nd3 31. Bd5 R8e7 32. Rxe7 Rxe7 33. Rb1
Bh4 34. Bc4 Nc5 35. Kh2 Ne4 36. Rd1 Bg3+ 37. Kg1 Nf6 38. Ng5 Ng4 39. Rb1 Bxf4
40. Nxf7 Be3+ 41. Kf1 Bc5 42. Bb3 Nh2# 0-1

[Event "Ä17Ï"]
[Site "Loo"]
[Date "2017.04.25"]
[Round "6.11"]
[White "Îñòàøåâà, Àíàñòàñèÿ."]
[Black "Çàêàðÿí, Äèàíà."]
[Result "0-1"]
[WhiteElo "1391"]
[BlackElo "1755"]
[PlyCount "120"]
[EventDate "2017.04.20"]

1. e4 c5 2. c3 Nc6 3. d4 cxd4 4. cxd4 d6 5. Nf3 Bg4 6. Be2 Nf6 7. Nc3 g6 8. O-O
Bg7 9. h3 Bxf3 10. Bxf3 O-O 11. Be3 a6 12. Rc1 Rc8 13. Qa4 Nd7 14. Be2 Nb6 15.
Qd1 Na5 16. b3 Nd7 17. Qd2 b5 18. f4 e6 19. f5 exf5 20. exf5 Nc6 21. Kh1 Re8
22. fxg6 hxg6 23. d5 Nce5 24. Ne4 Qe7 25. Qb4 Nc4 26. bxc4 Qxe4 27. Rf3 Ne5 28.
Rg3 Red8 29. Qd2 Nxc4 30. Bxc4 Rxc4 31. Rf1 Qc2 32. Qa5 Re8 33. Qxa6 Qe2 34.
Rff3 Qe1+ 35. Kh2 Be5 36. Bf2 Qb1 37. Qa7 Rf8 38. Be3 Kg7 39. Qe7 Rcc8 40. Bf4
Bd4 41. Rg4 Bg1+ 42. Kg3 Rce8 43. Bh6+ Kg8 44. Qf6 Qe1+ 45. Rf2 Bxf2+ 46. Qxf2
Qc3+ 47. Kh2 Qe5+ 48. Qg3 Qxg3+ 49. Rxg3 Re2 50. Bxf8 Kxf8 51. a3 Rd2 52. Rb3
Rxd5 53. Kg3 Ke7 54. Kf4 Ke6 55. Re3+ Re5 56. Rb3 f6 57. Rg3 g5+ 58. Kg4 d5 59.
Kh5 d4 60. Kg6 Re3 0-1